| 000 | 00572cam a22001337a 4500 | ||
|---|---|---|---|
| 008 | 180718b1978 xxu||||| |||| 00| 0 eng d | ||
| 082 | _aA81x54 In2/71/6/PT10C/G | ||
| 100 | _aCensus of India 1971 | ||
| 245 | _aHaryana district census handbook, Gurgaon: district census tables | ||
| 260 |
_aChandigarh _bThe Controller, Printing and Stationery _c1978 |
||
| 300 | _a375+p. | ||
| 440 | _aCensus of India 1971. Series-6, Haryana. Part X-C | ||
| 500 | _aContents: Tables on village directory and primary census abstract data and administrative welfare and development statistics | ||
| 999 |
_c485055 _d485055 |
||